01476nam a2200433 c 450000100060000000300100000600500170001600700030003300800410003601500170007702000300009404000350012404100130015904300120017208400060018410000350019024500840022525000220030926400390033130000220037033600270039233700330041933800280045249000160048050000420049650100360053852100420057453400250061660000670064165000470070865000290075565500180078465500180080270000380082074000300085894200150088899900170090395201220092058736CO-BoRNBP20250827211909.0ta121119s2002 ck gr 000 f spa d qck-2002-xxxx a9789580467533q9580467536 aCO-BoRNBPbspaerdacCO-BoRNBP1 aspahfre ae-fr--- aN aVerne, Julio,d1828-1905.eaut10aDos años de vacaciones /cJulio Verne ; traducción de Ana Piedad Jaramillo. aSegunda edición 1aBogotá, Colombia :bNorma,c2002 a398, 47 páginas atextobtxt2rdacontent asin mediaciónbn2rdamedia avolumenbnc2rdacarrier0 aCara y cruz aIncluye datos biográficos del autor aCon : Julio Verne : vida y obra1 aRecomendado para un público general tDeux ans de vacances 0aVerne, Julio,d1828-1905.xCrítica e interpretación96388007aHistorias de aventurasvNovela2LEMB9171107aNaufragiosvNovela2LEMB aNovela963194 aNovela963194 aJaramillo, Ana Piedadetrl9638810 aJulio Verne : vida y obra 2loccBKLIT c58736d58736 00102ddc4070aMEMACAREbMEMACAREcLITd2026-03-17l0oN VJ1pLM03679r2026-03-17 20:54:37tEj.1w2026-03-17yBKLIT